Bienvenue à la Médiathèque de Saint-Andiol
banniere
Accueil Recherche avancée Mon compte
handi1 Rechercher dans le catalogue

Filtre   Mots-clés
  Recherche avancée
 
Lister les dernières nouveautés
 
Lister les livres GROS CARACTERES
 
Lister les périodiques (magazines)

handi1 Que choisir [ 633 ]

Book Cover
Titre : Que choisir [ 633 ]
Support : Livres
Langue : Francais
Publié : 2023 Union Fédérale des Consommateurs
Genre : Revues et magazines
Collection : Que Choisir
Sujets : Consommateurs
Étiquettes :
Pas de tags
LEADER 00924nas0a2200265 450
001 16862712
011 |d 5 € 
100 |a 20240307d2023 u u0frey01 ba 
101 1 |a fre  |c fre 
102 |a FR 
110 0 |a afu 0uu0 
200 0 |a Que choisir [ 633 ]  |f Alain Bazot 
207 1 |a  633 
210 |c Union Fédérale des Consommateurs  |d 2023 
215 |a 66 p.  |c couv. ill. coul. ; ill. coul.  |d 28 cm 
225 1 |a Que Choisir 
464 |a Plus sains que le sucre blanc? sirop d'érable, cassonade, miel... 
464 |a Tests labo : Chauffe-eau thermodynamiques- Antivirus- Tables à induction 
464 |a Fiabilité auto 276 modèles évalués 
464 |a Frais de santé : Trop de dépassements abusifs ! 
610 0 |a Consommateurs 
676 |a 070.17 
900 |a Revues et magazines 
901 |a Adultes 
995 |a Médiathèque  |c Médiathèque  |f 089020007  |h 089020007  |k 070.17 QUE 633  |o p  |q a  |r az  |e Médiathèque